| 000 | 00647cam a22002291 4500 | ||
|---|---|---|---|
| 001 | he 66000901 | ||
| 003 | DLC | ||
| 005 | 20260227111438.0 | ||
| 008 | 840508s1965 is ac 000 0 heb | ||
| 010 | _ahe 66000901 | ||
| 035 | _a(OCoLC)19147751 | ||
| 040 |
_aDLC _cMH _dCU _dDLC |
||
| 042 | _apremarc | ||
| 050 | 0 | 0 |
_aHV1215.7.W32 _bD66 |
| 100 | 2 |
_aLevi-Lisner, Hindah, _d1910- |
|
| 245 | 1 | 0 |
_aBi-meḥitsato shel Yanush Kortsʼak : _brishumim. |
| 260 |
_aTel Aviv : _bDaʻat, _c[1965] |
||
| 300 |
_a124 p. : _bill., ports. ; _c23 cm. |
||
| 600 | 1 | 0 |
_aKorczak, Janusz, _d1878-1942. |
| 600 | 1 | 0 | _aWarsaw. Dom Sierot. |
| 752 |
_aIsrael _dTel Aviv |
||
| 999 |
_c31741 _d31741 |
||